000 00365nam a22001577a 4500
003 MPLRDC
005 20220104124426.0
008 210129b ||||| |||| 00| 0 eng d
082 _a859.6 LSL v.4
100 _a林树岭编著
245 _a三张灵符
_c
260 _a
_b人民企业有限公司
_c
300 _b
650 _a
942 _cBK
_o859.6 LSL v.4
999 _c19238
_d19228